000 00972nam0a2200265 4500
001 RU\NLR\bibl\837085
005 20260405092842.0
021 _aRU
_b2005-44354
_92183
035 _a(NLR Aleph) 000825923
090 _a1330455
_c1330455
100 _a20050906d2004 |||y0rusy50 ca
101 0 _arus
102 _aRU
105 _ay |||||||||
200 1 _aРегиональное стратегическое планирование
_fСмирнова О.А.
210 _aСанкт-Петербург
_cГерда
_d2004
215 _a35 с.
_d21
606 1 _aСтратегическое планирование региональное
_92081419
_3RU\NLR\auth\661257399
686 _aУ23(2)038
700 1 _4070
_8rus
_7ca
_aСмирнова
_bО. А.
_cд-р экон. наук
_gОльга Александровна
_3RU\NLR\auth\7733874
_916881
801 0 _aRU
_bNLR
_c20050906
_grcr
801 1 _aRU
_bNLR
_c20050906
942 _cBOOK
980 _aNB